How to develop one & all/ (Record no. 188410)

MARC details
000 -LEADER
fixed length control field 00582nam a22001937a 4500
005 - DATE AND TIME OF LATEST TRANSACTION
control field 20220520153442.0
010 ## - LCCN (DPL NO)
LC control number ENG-132750
020 ## - INTERNATIONAL STANDARD BOOK NUMBER
International Standard Book Number 978-93-5067-473-4
Terms of availability 100.00
035 ## - SYSTEM CONTROL NUMBER
System control number EN-116282
037 ## - SOURCE OF ACQUISITION
Source of stock number/acquisition DBAD/PUB
082 ## - DEWEY DECIMAL CLASSIFICATION NUMBER
Edition number 158.1
100 ## - MAIN ENTRY--PERSONAL NAME
Personal name Abhay
245 ## - TITLE STATEMENT
Title How to develop one & all/
Statement of responsibility, etc Abhay
260 ## - PUBLICATION, DISTRIBUTION, ETC. (IMPRINT)
Place of publication, distribution, etc Visakhapatnam
Name of publisher, distributor, etc Sreevinay Publications
Date of publication, distribution, etc 2012
270 ## - ADDRESS
Address 29-2-34/1, Ist floor, Opp.Judge Court, Prakasraopeta
City Visakhapatnam
Postal code 530002
300 ## - PHYSICAL DESCRIPTION
Extent xii,92p.
Dimensions 21cm(pbk)
700 ## - ADDED ENTRY--PERSONAL NAME
Personal name Rajeshwari, M.S. Raja
942 ## - ADDED ENTRY ELEMENTS (KOHA)
Source of classification or shelving scheme Dewey Decimal Classification
Item type English Books
Classification part 158.1
Call number suffix ABH
Holdings
Withdrawn status Lost status Not for loan Collection code Home library Current library Date acquired Source of acquisition Cost, normal purchase price Full call number Barcode Copy number Cost, replacement price Koha item type
      Non-fiction Bawana Bawana 20/05/2022 DBAD/PUB 100.00 158.1 ABH EN-116282 1 100.00 English Books

© Delhi Public Library
Hit Counter
free hit counter